The monetary and fiscal policy of India /

Bibliographic Details
Main Author: Chacko, Kollenparampil C.
Format: Book
Language:English
Published: Bombay : Vora, [1957]
Edition:[1st ed.].
Subjects:

MARC

Tag First Indicator Second Indicator Subfields
LEADER 00000cam a2200000 4500
001 in00000057320
005 20151008051500.0
008 780517s1957 ii a b 00000 eng
010 |a  58032575  
035 |a (OCoLC)03902689 
035 |9 AAG8192AM 
040 |a DLC  |c HDC  |d TXA  |d UtOrBLW 
049 |a TXAM  |c [303458] 
050 0 |a HG1234  |b .C532 
082 0 |a 332.4954 
092 |a 332.4954  |b C431m 
100 1 |a Chacko, Kollenparampil C. 
245 1 4 |a The monetary and fiscal policy of India /  |c With a foreword by C. R. Whittlesey. 
250 |a [1st ed.]. 
264 1 |a Bombay :  |b Vora,  |c [1957] 
300 |a xvi, 386 pages :  |b diagrams, tables. ;  |c 23 cm. 
336 |a text  |b txt  |2 rdacontent 
337 |a unmediated  |b n  |2 rdamedia 
338 |a volume  |b nc  |2 rdacarrier 
500 |a "Based on my doctoral dissertation... New York University." 
504 |a Bibliography: pages 381-386. 
650 0 |a Currency question  |z India. 
650 0 |a Banks and banking  |z India. 
650 0 |a Finance, Public  |z India. 
999 |a MARS 
999 f f |s 9a037ad8-d7da-3f03-a6d9-820fee02a985  |i 2a541eed-a2d4-3bd7-a567-0772e50ce1c0  |t 0 
952 f f |p ric  |a Texas A&M University  |b Rellis Campus  |c Joint Library Facility  |d Remote Storage  |t 0  |e HG1234 .C532  |h Library of Congress classification  |i unmediated -- volume  |m A14800734884 
998 f f |a HG1234 .C532  |t 0  |l Remote Storage